| 000 | 00709nam a2200217 a 4500 | ||
|---|---|---|---|
| 005 | 20240530063639.0 | ||
| 008 | 991125s1985 ea 000 0 eng u | ||
| 035 | _aUPN01000008796 | ||
| 049 | _aCG | ||
| 050 | 4 |
_aLB2350 _bCH7.3 |
|
| 100 | 1 | _aChristal, Melodie E. | |
| 245 | 1 | 2 |
_aA common languaje for postsecondary accreditation : _bcategories and definitions for data collection / _cMelodie E. Christal, Dennis P. Jones. |
| 260 |
_aColorado, E.U.A. : _bNCHEMS, _c1985. |
||
| 300 | _a149 p. | ||
| 500 | _aEngargolado | ||
| 650 | 4 |
_aEducación superior _932 |
|
| 650 | 4 |
_aINFORMES ESCOLARES _96341 |
|
| 650 | 4 |
_aUniversidades y colegios _95013 |
|
| 700 | 1 |
_aJones, Dennis P. _ecoaut. _928800 |
|
| 905 | _aLibro | ||
| 999 |
_c8796 _d8796 |
||